000 nam a22 7a 4500
999 _c53683
_d53683
003 OSt
005 20220725144008.0
008 220725b xxu||||| |||| 00| 0 eng d
040 _cIIMT UNIVERSITY
100 _aWILEY
245 _aTHE REAL ACT PREP GUIDE
260 _aNEW DELHI
_bWILEY INDIA
300 _a929
942 _2ddc
_c09